Role of superior judiciary in the politics of Pakistan (Record no. 292580)
[ view plain ]
| 000 -LEADER | |
|---|---|
| fixed length control field | 00310 a2200121 4500 |
| 001 - CONTROL NUMBER | |
| control field | 57507 |
| 082 ## - DEWEY DECIMAL CLASSIFICATION NUMBER | |
| Classification number | 347.095491 DAW |
| 090 ## - LOCALLY ASSIGNED LC-TYPE CALL NUMBER (OCLC); LOCAL CALL NUMBER (RLIN) | |
| -- | 35237 |
| -- | 35237 |
| 100 ## - MAIN ENTRY--PERSONAL NAME | |
| Personal name | Dawood, J.M |
| 245 ## - TITLE STATEMENT | |
| Title | Role of superior judiciary in the politics of Pakistan |
| 260 ## - PUBLICATION, DISTRIBUTION, ETC. | |
| Place of publication, distribution, etc. | Karachi |
| Name of publisher, distributor, etc. | Royal Book Co |
| Date of publication, distribution, etc. | 1994 |
| 300 ## - PHYSICAL DESCRIPTION | |
| Extent | 148p |
| 942 ## - ADDED ENTRY ELEMENTS (KOHA) | |
| Institution code [OBSOLETE] | NUST-CAE |
| Call number prefix | 347.095491 DAW |
| Withdrawn status | Lost status | Damaged status | Not for loan | Collection code | Permanent Location | Current Location | Date acquired | Total Checkouts | Full call number | Barcode | Date last seen | Price effective from | Koha item type |
|---|---|---|---|---|---|---|---|---|---|---|---|---|---|
| College of Aeronautical Engineering (CAE) | College of Aeronautical Engineering (CAE) | 04/03/2017 | 347.095491 DAW | CAE74607 | 04/05/2017 | 04/05/2017 | Book |
